000 00511nam a22001697a 4500
003 MACL
005 20160428121936.0
008 160428b xxu||||| |||| 00| 0 eng d
040 _cMACL
041 _aHindi
082 _a800
100 _aडॉ रमेश कुमार
_937208
245 _aदलित चेतना और समकालीन कविता
260 _aदिल्‍ली
_bराहुल प्रकाशन
_c2004
650 _aLiteracture
_954509
942 _2ddc
_cHIN
999 _c53877
_d53877